[Event "Portugal Open Semirrapidas"]
[Site "Lisboa POR"]
[Date "2020.02.02"]
[Round "4.1"]
[White "FERNANDES, Antonio"]
[Black "ITURRIZAGA, Eduardo"]
[Result "0-1"]
[BlackElo "2643"]
[WhiteElo "2358"]
[LiveChessVersion "1.4.8"]

1. e4 {[%clk 0:15:10]} c5 {[%clk 0:12:55]} 2. Nf3 {[%clk 0:15:13]} e6
{[%clk 0:12:59]} 3. d4 {[%clk 0:15:13]} cxd4 {[%clk 0:13:02]} 4. Nxd4
{[%clk 0:15:17]} a6 {[%clk 0:13:06]} 5. g3 {[%clk 0:15:06]} Qc7 {[%clk 0:12:50]}
6. Bg2 {[%clk 0:15:07]} Nc6 {[%clk 0:12:51]} 7. O-O {[%clk 0:15:07]} h5
{[%clk 0:12:54]} 8. Nf3 {[%clk 0:12:58]} Nge7 {[%clk 0:12:38]} 9. Bf4
{[%clk 0:12:34]} e5 {[%clk 0:12:30]} 10. Be3 {[%clk 0:12:30]} d6 {[%clk 0:12:20]}
11. Nc3 {[%clk 0:09:08]} f6 {[%clk 0:12:24]} 12. Na4 {[%clk 0:08:57]} Bg4
{[%clk 0:12:14]} 13. Nb6 {[%clk 0:08:43]} Rd8 {[%clk 0:12:17]} 14. h3
{[%clk 0:08:46]} Be6 {[%clk 0:12:15]} 15. c4 {[%clk 0:08:46]} Ng6
{[%clk 0:12:01]} 16. Rc1 {[%clk 0:08:32]} Qf7 {[%clk 0:11:51]} 17. Nd5
{[%clk 0:07:16]} Qd7 {[%clk 0:11:29]} 18. Nb6 {[%clk 0:07:09]} Qf7
{[%clk 0:11:33]} 19. Nd5 {[%clk 0:07:11]} Rc8 {[%clk 0:11:20]} 20. Nb6
{[%clk 0:06:57]} Rb8 {[%clk 0:11:23]} 21. Nd5 {[%clk 0:06:57]} Qd7
{[%clk 0:11:21]} 22. Nb6 {[%clk 0:07:01]} Qd8 {[%clk 0:11:00]} 23. Nd5
{[%clk 0:06:57]} Rc8 {[%clk 0:09:46]} 24. Qb3 {[%clk 0:05:54]} Qd7
{[%clk 0:08:51]} 25. Nb6 {[%clk 0:05:51]} Qc7 {[%clk 0:08:55]} 26. Nxc8
{[%clk 0:05:46]} Qxc8 {[%clk 0:08:59]} 27. h4 {[%clk 0:05:42]} Be7
{[%clk 0:08:54]} 28. Rfd1 {[%clk 0:04:57]} Nf8 {[%clk 0:08:48]} 29. Qa4
{[%clk 0:04:40]} Bd7 {[%clk 0:08:31]} 30. Qc2 {[%clk 0:03:42]} Ne6
{[%clk 0:08:35]} 31. Bh3 {[%clk 0:03:29]} g6 {[%clk 0:08:01]} 32. Rd2
{[%clk 0:03:26]} O-O {[%clk 0:07:57]} 33. Rcd1 {[%clk 0:03:17]} Ned4
{[%clk 0:07:48]} 34. Nxd4 {[%clk 0:02:45]} Bxh3 {[%clk 0:07:52]} 35. Nxc6
{[%clk 0:02:48]} bxc6 {[%clk 0:07:56]} 36. Rxd6 Bxd6 {[%clk 0:08:01]} 37. Rxd6
{[%clk 0:02:50]} Qg4 {[%clk 0:08:05]} 38. Kh2 {[%clk 0:02:54]} Qf3
{[%clk 0:08:09]} 0-1

[Event "Portugal Open Semirrapidas"]
[Site "Lisboa POR"]
[Date "2020.02.02"]
[Round "4.2"]
[White "ALEKSEEV, Evgeny"]
[Black "GOLUCH, Piotr"]
[Result "1-0"]
[BlackElo "2341"]
[WhiteElo "2621"]
[LiveChessVersion "1.4.8"]

1. e4 {[%clk 0:15:07]} c6 {[%clk 0:15:07]} 2. d4 {[%clk 0:15:10]} d5
{[%clk 0:15:09]} 3. exd5 {[%clk 0:15:12]} cxd5 {[%clk 0:15:12]} 4. Bd3
{[%clk 0:15:14]} Nc6 {[%clk 0:15:08]} 5. c3 {[%clk 0:15:17]} Nf6 {[%clk 0:15:11]}
6. h3 {[%clk 0:15:13]} g6 {[%clk 0:14:48]} 7. Nf3 {[%clk 0:15:13]} Bg7
{[%clk 0:14:46]} 8. O-O {[%clk 0:15:10]} O-O {[%clk 0:14:40]} 9. Nbd2
{[%clk 0:13:53]} a6 {[%clk 0:14:29]} 10. Nb3 {[%clk 0:13:40]} Na5
{[%clk 0:14:07]} 11. Re1 {[%clk 0:13:21]} Re8 {[%clk 0:13:48]} 12. Bf4
{[%clk 0:13:04]} Bd7 {[%clk 0:13:27]} 13. Nc5 {[%clk 0:12:19]} Qc8
{[%clk 0:13:10]} 14. Bh2 {[%clk 0:10:25]} Bb5 {[%clk 0:11:38]} 15. Bc2
{[%clk 0:09:41]} Nc4 {[%clk 0:11:11]} 16. Rb1 {[%clk 0:09:10]} b6
{[%clk 0:11:11]} 17. Nd3 {[%clk 0:09:12]} Bd7 {[%clk 0:10:35]} 18. Nde5
{[%clk 0:08:28]} Bf5 {[%clk 0:08:58]} 19. Ng5 {[%clk 0:08:16]} Bxc2
{[%clk 0:08:57]} 20. Qxc2 {[%clk 0:08:20]} Nd6 {[%clk 0:08:43]} 21. Re2
{[%clk 0:08:01]} Nfe4 {[%clk 0:08:30]} 22. Nxe4 {[%clk 0:07:43]} dxe4
{[%clk 0:08:10]} 23. Qb3 {[%clk 0:07:05]} Qb7 {[%clk 0:07:18]} 24. Rbe1
{[%clk 0:06:35]} Rac8 {[%clk 0:05:33]} 25. Ng4 {[%clk 0:05:55]} h5
{[%clk 0:05:20]} 26. Ne5 {[%clk 0:04:40]} Bxe5 {[%clk 0:02:50]} 27. Bxe5
{[%clk 0:04:05]} Nc4 {[%clk 0:02:40]} 28. Bg3 {[%clk 0:03:11]} f5
{[%clk 0:02:19]} 29. Qd1 {[%clk 0:03:03]} Kf7 {[%clk 0:01:34]} 30. Qc1
{[%clk 0:02:55]} Kg7 {[%clk 0:01:18]} 31. Qg5 {[%clk 0:02:50]} Nd6
{[%clk 0:01:08]} 32. Bf4 {[%clk 0:02:02]} Nf7 {[%clk 0:01:11]} 33. Qg3
{[%clk 0:02:06]} Qd5 {[%clk 0:01:04]} 34. f3 {[%clk 0:02:01]} h4 {[%clk 0:00:23]}
35. fxe4 {[%clk 0:01:30]} fxe4 {[%clk 0:00:27]} 36. Qxh4 {[%clk 0:01:20]} Rh8
{[%clk 0:00:08]} 37. Qg3 {[%clk 0:01:18]} e6 {[%clk 0:00:08]} 38. Rxe4
{[%clk 0:01:17]} 1-0

[Event "Portugal Open Semirrapidas"]
[Site "Lisboa POR"]
[Date "2020.02.02"]
[Round "4.3"]
[White "BUTKIEWICZ, Lukasz"]
[Black "GHAMARIAN, Tigran"]
[Result "0-1"]
[BlackElo "2597"]
[WhiteElo "2294"]
[LiveChessVersion "1.4.8"]

1. e4 {[%clk 0:15:07]} e6 {[%clk 0:15:07]} 2. d4 {[%clk 0:15:08]} d5
{[%clk 0:15:11]} 3. Nd2 {[%clk 0:15:10]} c5 {[%clk 0:15:14]} 4. exd5
{[%clk 0:15:10]} Qxd5 {[%clk 0:15:16]} 5. Ngf3 {[%clk 0:15:10]} Nf6
{[%clk 0:15:12]} 6. Bc4 {[%clk 0:15:11]} Qd8 {[%clk 0:15:14]} 7. O-O
{[%clk 0:15:12]} a6 {[%clk 0:15:15]} 8. dxc5 {[%clk 0:15:00]} Bxc5
{[%clk 0:15:06]} 9. Nb3 {[%clk 0:15:01]} Qxd1 {[%clk 0:14:59]} 10. Rxd1
{[%clk 0:15:05]} Ba7 {[%clk 0:14:55]} 11. Bf4 {[%clk 0:14:47]} Nc6
{[%clk 0:14:33]} 12. Rd2 {[%clk 0:14:17]} Bd7 {[%clk 0:14:32]} 13. Rad1
{[%clk 0:14:08]} O-O-O {[%clk 0:14:35]} 14. h3 {[%clk 0:13:05]} h6
{[%clk 0:14:36]} 15. c3 {[%clk 0:10:54]} Be8 {[%clk 0:13:05]} 16. Rxd8+
{[%clk 0:09:15]} Nxd8 {[%clk 0:13:08]} 17. Nbd4 {[%clk 0:09:18]} Nd7
{[%clk 0:11:40]} 18. Be3 {[%clk 0:09:11]} Bb8 {[%clk 0:11:36]} 19. Bf1
{[%clk 0:08:35]} Nf6 {[%clk 0:11:35]} 20. Nb3 {[%clk 0:08:27]} Nc6
{[%clk 0:11:25]} 21. Bc4 {[%clk 0:05:52]} Ne7 {[%clk 0:09:31]} 22. Bd4
{[%clk 0:05:35]} Nf5 {[%clk 0:08:54]} 23. Be5 {[%clk 0:05:36]} Bc6
{[%clk 0:08:56]} 24. Bxb8 {[%clk 0:04:42]} Bxf3 {[%clk 0:08:59]} 25. gxf3
{[%clk 0:04:44]} Kxb8 {[%clk 0:09:01]} 26. Nd4 {[%clk 0:04:33]} Ne7
{[%clk 0:08:28]} 27. Ne2 {[%clk 0:04:22]} Ng6 {[%clk 0:08:17]} 28. f4
{[%clk 0:04:12]} Ne7 {[%clk 0:08:20]} 29. Kg2 {[%clk 0:04:03]} Kc7
{[%clk 0:08:19]} 30. Kf3 {[%clk 0:03:43]} g6 {[%clk 0:08:20]} 31. Nd4
{[%clk 0:03:20]} Rd8 {[%clk 0:07:54]} 32. Re1 {[%clk 0:03:23]} Rd6
{[%clk 0:07:46]} 33. Re5 {[%clk 0:03:04]} Nc6 {[%clk 0:07:29]} 34. Nxc6
{[%clk 0:02:54]} Kxc6 {[%clk 0:07:31]} 35. Bb3 {[%clk 0:02:24]} Kd7
{[%clk 0:07:08]} 36. Re2 {[%clk 0:02:15]} Ke7 {[%clk 0:07:08]} 37. Bc2
{[%clk 0:02:06]} Kd8 {[%clk 0:06:52]} 38. Be4 {[%clk 0:02:05]} Kc7
{[%clk 0:06:55]} 39. Bc2 {[%clk 0:01:59]} Rd5 {[%clk 0:06:42]} 40. Bb3
{[%clk 0:01:43]} Rh5 {[%clk 0:06:31]} 41. Kg3 {[%clk 0:01:47]} Rf5
{[%clk 0:06:33]} 42. Bc2 {[%clk 0:00:28]} Nh5+ {[%clk 0:06:36]} 43. Kh2
{[%clk 0:00:32]} Rxf4 {[%clk 0:06:39]} 44. Rd2 {[%clk 0:00:33]} g5
{[%clk 0:06:28]} 45. Bd1 {[%clk 0:00:29]} Nf6 {[%clk 0:06:18]} 46. Bc2
{[%clk 0:00:32]} Rh4 {[%clk 0:06:04]} 47. Rd3 {[%clk 0:00:15]} Rf4
{[%clk 0:05:24]} 48. Kg2 {[%clk 0:00:18]} Nd7 {[%clk 0:04:43]} 49. Re3
{[%clk 0:00:18]} a5 {[%clk 0:04:35]} 50. a3 {[%clk 0:00:14]} a4 {[%clk 0:04:23]}
51. Rf3 {[%clk 0:00:13]} Rxf3 {[%clk 0:04:25]} 52. Kxf3 {[%clk 0:00:17]} b5
{[%clk 0:04:24]} 53. Ke4 {[%clk 0:00:15]} f5+ {[%clk 0:04:22]} 54. Kd4
{[%clk 0:00:18]} h5 {[%clk 0:03:51]} 55. c4 {[%clk 0:00:20]} bxc4 56. Bxa4
{[%clk 0:00:12]} g4 {[%clk 0:03:31]} 57. h4 {[%clk 0:00:14]} Nb6 {[%clk 0:03:25]}
58. Be8 {[%clk 0:00:15]} Kd6 {[%clk 0:03:24]} 59. Bxh5 e5+ 60. Ke3
{[%clk 0:00:10]} Ke6 {[%clk 0:03:31]} 61. Be8 {[%clk 0:00:09]} Nd5+
{[%clk 0:03:34]} 62. Kd2 {[%clk 0:00:13]} e4 {[%clk 0:03:30]} 63. Bc6
{[%clk 0:00:10]} Nf6 {[%clk 0:03:27]} 64. a4 {[%clk 0:00:14]} Kd6
{[%clk 0:03:31]} 65. Bb7 {[%clk 0:00:16]} f4 {[%clk 0:03:07]} 66. a5
{[%clk 0:00:12]} Kc5 {[%clk 0:03:11]} 67. Bc8 {[%clk 0:00:10]} g3
{[%clk 0:03:06]} 68. fxg3 {[%clk 0:00:14]} fxg3 {[%clk 0:03:10]} 69. Bh3
{[%clk 0:00:14]} Kb5 {[%clk 0:03:13]} 70. Ke3 {[%clk 0:00:18]} Kxa5
{[%clk 0:03:15]} 71. Kd4 {[%clk 0:00:13]} Kb4 {[%clk 0:03:17]} 72. Ke5
{[%clk 0:00:17]} e3 {[%clk 0:03:20]} 73. Kd4 0-1

[Event "Portugal Open Semirrapidas"]
[Site "Lisboa POR"]
[Date "2020.02.02"]
[Round "4.4"]
[White "BASHIRLI, Nail"]
[Black "INDJIC, Aleksandar"]
[Result "1/2-1/2"]
[BlackElo "2533"]
[WhiteElo "2153"]
[LiveChessVersion "1.4.8"]

1. e4 {[%clk 0:15:06]} e5 {[%clk 0:15:06]} 2. Nf3 {[%clk 0:15:09]} Nf6
{[%clk 0:15:09]} 3. Nc3 {[%clk 0:15:11]} Bb4 {[%clk 0:15:10]} 4. Bc4
{[%clk 0:15:08]} Bxc3 {[%clk 0:15:10]} 5. bxc3 {[%clk 0:14:29]} O-O
{[%clk 0:15:02]} 6. d3 {[%clk 0:14:29]} d6 {[%clk 0:15:04]} 7. Bg5
{[%clk 0:14:22]} Be6 {[%clk 0:15:05]} 8. Bb3 {[%clk 0:14:21]} a5 {[%clk 0:15:09]}
9. a4 {[%clk 0:14:18]} Bxb3 {[%clk 0:15:12]} 10. cxb3 {[%clk 0:14:22]} h6
{[%clk 0:15:14]} 11. Bh4 {[%clk 0:14:25]} Nbd7 {[%clk 0:15:18]} 12. O-O
{[%clk 0:14:22]} Qe7 {[%clk 0:14:17]} 13. Nd2 {[%clk 0:14:21]} Qe6
{[%clk 0:14:19]} 14. Qc2 {[%clk 0:13:54]} d5 {[%clk 0:14:22]} 15. Rfe1
{[%clk 0:13:21]} Rfe8 {[%clk 0:14:23]} 16. f3 {[%clk 0:12:49]} Nh5
{[%clk 0:14:01]} 17. d4 {[%clk 0:11:47]} Qg6 {[%clk 0:13:58]} 18. Rac1
{[%clk 0:10:55]} dxe4 {[%clk 0:13:29]} 19. Qxe4 {[%clk 0:09:16]} Nf4
{[%clk 0:13:32]} 20. Qxg6 {[%clk 0:08:53]} fxg6 {[%clk 0:13:36]} 21. Re4
{[%clk 0:07:53]} g5 {[%clk 0:13:38]} 22. Bg3 {[%clk 0:05:31]} Nf6
{[%clk 0:13:13]} 23. Ree1 {[%clk 0:05:30]} Nd3 {[%clk 0:13:14]} 24. Bxe5
{[%clk 0:05:33]} Nd7 {[%clk 0:12:58]} 25. Nc4 {[%clk 0:05:17]} Nxc1
{[%clk 0:13:01]} 26. Rxc1 {[%clk 0:05:21]} Nxe5 {[%clk 0:13:04]} 27. Nxe5
{[%clk 0:05:20]} c5 {[%clk 0:13:09]} 28. Kf2 {[%clk 0:05:17]} Rac8
{[%clk 0:13:09]} 29. Nc4 {[%clk 0:05:01]} cxd4 {[%clk 0:13:10]} 30. cxd4
{[%clk 0:04:58]} Red8 {[%clk 0:12:47]} 31. Rd1 {[%clk 0:05:02]} b5
{[%clk 0:12:28]} 32. Nxa5 {[%clk 0:04:31]} Rc2+ {[%clk 0:12:32]} 33. Kg3
{[%clk 0:04:29]} bxa4 {[%clk 0:10:58]} 34. bxa4 {[%clk 0:04:33]} Re8
{[%clk 0:10:05]} 35. d5 {[%clk 0:04:05]} Ree2 {[%clk 0:10:08]} 36. Kg4
{[%clk 0:03:50]} Kf7 {[%clk 0:09:20]} 37. Nc6 {[%clk 0:03:13]} Kf6
{[%clk 0:09:08]} 38. f4 {[%clk 0:02:28]} h5+ {[%clk 0:08:25]} 39. Kxh5
{[%clk 0:02:13]} Rxg2 {[%clk 0:08:29]} 40. h4 {[%clk 0:01:29]} gxf4
{[%clk 0:08:29]} 41. a5 {[%clk 0:00:52]} g6+ {[%clk 0:07:33]} 42. Kh6
{[%clk 0:00:56]} Rh2 {[%clk 0:07:36]} 1/2-1/2

[Event "Portugal Open Semirrapidas"]
[Site "Lisboa POR"]
[Date "2020.02.02"]
[Round "4.5"]
[White "JANIK, Igor"]
[Black "GAHAN, M G"]
[Result "1-0"]
[BlackElo "2292"]
[WhiteElo "2527"]
[LiveChessVersion "1.4.8"]

1. d4 {[%clk 0:15:09]} Nf6 {[%clk 0:15:01]} 2. c4 {[%clk 0:15:12]} g6
{[%clk 0:14:52]} 3. Nf3 {[%clk 0:15:16]} Bg7 {[%clk 0:14:56]} 4. g3
{[%clk 0:15:20]} O-O {[%clk 0:14:59]} 5. Bg2 {[%clk 0:15:24]} d5 {[%clk 0:15:03]}
6. O-O {[%clk 0:15:26]} Nc6 7. cxd5 {[%clk 0:14:47]} Nxd5 {[%clk 0:15:05]} 8. Nc3
{[%clk 0:14:51]} Nb6 {[%clk 0:15:08]} 9. d5 {[%clk 0:14:35]} Na5 {[%clk 0:15:11]}
10. Qc2 {[%clk 0:14:39]} c6 {[%clk 0:14:34]} 11. dxc6 {[%clk 0:14:43]} Nxc6 12.
Rd1 Bd7 {[%clk 0:14:19]} 13. Bf4 {[%clk 0:14:24]} Qc8 {[%clk 0:14:04]} 14. Rac1
{[%clk 0:13:44]} Bf5 {[%clk 0:13:34]} 15. Qb3 {[%clk 0:13:45]} Be6
{[%clk 0:13:20]} 16. Qb5 {[%clk 0:13:33]} Bc4 {[%clk 0:13:14]} 17. Qc5
{[%clk 0:13:21]} Qf5 {[%clk 0:12:12]} 18. Qxf5 {[%clk 0:12:30]} gxf5
{[%clk 0:12:16]} 19. b3 {[%clk 0:12:25]} Ba6 {[%clk 0:12:02]} 20. e4
{[%clk 0:11:47]} Bxc3 {[%clk 0:11:27]} 21. Rxc3 {[%clk 0:11:51]} fxe4
{[%clk 0:11:30]} 22. Ng5 {[%clk 0:11:55]} Rfd8 {[%clk 0:10:46]} 23. Rxd8+
{[%clk 0:11:49]} Rxd8 {[%clk 0:10:50]} 24. Bxe4 {[%clk 0:11:53]} h6
{[%clk 0:10:01]} 25. Nh7 {[%clk 0:11:33]} Rd1+ {[%clk 0:08:24]} 26. Kg2
{[%clk 0:11:37]} Nd4 {[%clk 0:08:12]} 27. Kh3 {[%clk 0:10:26]} f5
{[%clk 0:08:15]} 28. Rc7 {[%clk 0:10:30]} fxe4 {[%clk 0:06:58]} 29. Rxe7
{[%clk 0:10:33]} Nd5 {[%clk 0:05:31]} 30. Rd7 {[%clk 0:10:37]} Nxf4+
{[%clk 0:04:25]} 31. gxf4 {[%clk 0:10:40]} Bf1+ {[%clk 0:03:39]} 32. Kg4
{[%clk 0:10:44]} Be2+ {[%clk 0:03:38]} 33. Kh3 {[%clk 0:10:48]} Rd3+
{[%clk 0:03:35]} 34. Kg2 {[%clk 0:10:48]} Bf3+ {[%clk 0:03:30]} 35. Kh3
{[%clk 0:10:50]} Bd1+ {[%clk 0:03:06]} 36. Kg2 {[%clk 0:10:53]} Bf3+
{[%clk 0:03:11]} 37. Kh3 {[%clk 0:10:56]} Bh5+ {[%clk 0:03:14]} 38. Kg2
{[%clk 0:10:56]} Bg6 {[%clk 0:03:08]} 39. Nf6+ {[%clk 0:10:55]} Kf8
{[%clk 0:03:12]} 40. Rxb7 {[%clk 0:10:40]} Ne6 41. h4 {[%clk 0:10:20]} Nxf4+
{[%clk 0:03:01]} 42. Kg1 {[%clk 0:10:24]} a5 {[%clk 0:02:28]} 43. Nd7+
{[%clk 0:10:20]} Ke8 {[%clk 0:02:31]} 44. Ne5 {[%clk 0:10:23]} Rd2
{[%clk 0:02:23]} 45. a4 {[%clk 0:09:34]} Bh5 {[%clk 0:01:52]} 46. Nc4
{[%clk 0:09:32]} Re2 {[%clk 0:01:07]} 47. b4 {[%clk 0:09:20]} axb4
{[%clk 0:01:09]} 48. a5 {[%clk 0:09:25]} Bf3 {[%clk 0:01:01]} 49. a6
{[%clk 0:09:04]} e3 {[%clk 0:00:16]} 50. fxe3 {[%clk 0:08:41]} Nh3+
{[%clk 0:00:08]} 51. Kf1 {[%clk 0:08:45]} Rf2+ {[%clk 0:00:11]} 52. Ke1
{[%clk 0:08:49]} Re2+ {[%clk 0:00:09]} 53. Kf1 {[%clk 0:08:54]} Rf2+
{[%clk 0:00:12]} 54. Ke1 {[%clk 0:08:58]} Re2+ {[%clk 0:00:16]} 55. Kf1
{[%clk 0:08:56]} Rf2+ {[%clk 0:00:07]} 56. Ke1 {[%clk 0:09:00]} Re2+
{[%clk 0:00:06]} 57. Kf1 {[%clk 0:09:04]} Rf2+ {[%clk 0:00:10]} 58. Ke1
{[%clk 0:09:07]} Kd8 59. Rf7 {[%clk 0:08:34]} Re2+ {[%clk 0:00:13]} 60. Kd1
{[%clk 0:08:12]} b3 {[%clk 0:00:07]} 61. Rxf3 {[%clk 0:08:06]} b2
{[%clk 0:00:12]} 62. Na3 {[%clk 0:08:04]} b1=B {[%clk 0:00:06]} 63. Nxb1
{[%clk 0:08:01]} Ra2 {[%clk 0:00:06]} 64. Rxh3 {[%clk 0:08:04]} 1-0

[Event "Portugal Open Semirrapidas"]
[Site "Lisboa POR"]
[Date "2020.02.02"]
[Round "4.6"]
[White "STACHOWIAK, Kamil"]
[Black "SANTOS, Antonio P"]
[Result "1/2-1/2"]
[BlackElo "2116"]
[WhiteElo "2500"]
[LiveChessVersion "1.4.8"]

1. d4 {[%clk 0:15:08]} Nf6 {[%clk 0:15:08]} 2. Nf3 {[%clk 0:15:11]} g6
{[%clk 0:15:08]} 3. g3 {[%clk 0:15:14]} Bg7 {[%clk 0:15:12]} 4. Bg2
{[%clk 0:15:18]} O-O {[%clk 0:15:14]} 5. O-O {[%clk 0:15:20]} d5 {[%clk 0:15:17]}
6. c4 {[%clk 0:15:23]} c6 {[%clk 0:15:21]} 7. Qa4 {[%clk 0:15:26]} a6
{[%clk 0:15:01]} 8. cxd5 {[%clk 0:15:22]} cxd5 {[%clk 0:15:04]} 9. Nc3
{[%clk 0:15:17]} Nc6 {[%clk 0:15:02]} 10. Bf4 {[%clk 0:15:20]} Ne4
{[%clk 0:14:42]} 11. Rac1 {[%clk 0:14:39]} Nxc3 {[%clk 0:14:45]} 12. Rxc3
{[%clk 0:14:35]} Bd7 {[%clk 0:14:42]} 13. Qd1 {[%clk 0:14:22]} Rc8
{[%clk 0:14:31]} 14. Qd2 {[%clk 0:14:02]} b5 {[%clk 0:12:29]} 15. Rfc1
{[%clk 0:13:34]} Qb6 {[%clk 0:12:26]} 16. e3 {[%clk 0:11:22]} e6 {[%clk 0:12:17]}
17. Ne1 {[%clk 0:10:25]} Rfd8 {[%clk 0:09:16]} 18. Nd3 {[%clk 0:10:26]} b4
{[%clk 0:09:20]} 19. R3c2 {[%clk 0:10:20]} a5 {[%clk 0:09:06]} 20. Nc5
{[%clk 0:10:22]} Be8 {[%clk 0:09:10]} 21. Bf1 {[%clk 0:10:23]} e5
{[%clk 0:08:47]} 22. Na4 {[%clk 0:08:20]} Qb7 {[%clk 0:08:38]} 23. dxe5
{[%clk 0:08:23]} Nxe5 {[%clk 0:08:35]} 24. Bxe5 {[%clk 0:08:26]} Rxc2
{[%clk 0:08:02]} 25. Rxc2 {[%clk 0:08:22]} Bxe5 {[%clk 0:07:12]} 26. Nc5
{[%clk 0:08:26]} Qb6 {[%clk 0:07:12]} 27. Nb3 {[%clk 0:08:24]} Ba4
{[%clk 0:07:08]} 28. Bd3 {[%clk 0:07:35]} Bxb3 {[%clk 0:06:36]} 29. axb3
{[%clk 0:07:38]} Bf6 {[%clk 0:06:35]} 30. Qc1 {[%clk 0:07:42]} Rd6
{[%clk 0:06:31]} 31. h4 {[%clk 0:07:36]} h5 {[%clk 0:06:30]} 32. Rc7
{[%clk 0:07:19]} Bd8 {[%clk 0:06:20]} 33. Rc8 {[%clk 0:07:14]} Kg7
{[%clk 0:06:24]} 34. Qc2 {[%clk 0:06:32]} Bf6 {[%clk 0:05:42]} 35. Kg2
{[%clk 0:04:59]} Bd8 {[%clk 0:04:46]} 36. Rc5 {[%clk 0:04:26]} Bf6
{[%clk 0:04:45]} 37. Rb5 {[%clk 0:04:28]} Qd8 {[%clk 0:04:47]} 38. Qc5
{[%clk 0:04:15]} Bxb2 {[%clk 0:04:34]} 39. Rxa5 {[%clk 0:04:19]} Bc3
{[%clk 0:04:22]} 40. Ra7 {[%clk 0:02:51]} Qf6 {[%clk 0:04:00]} 41. Rc7
{[%clk 0:01:45]} Be1 {[%clk 0:03:47]} 42. Qc2 {[%clk 0:01:49]} Bc3
{[%clk 0:03:51]} 43. Bb5 {[%clk 0:01:26]} Qd8 {[%clk 0:03:22]} 44. Rc6
{[%clk 0:00:58]} Rxc6 {[%clk 0:03:25]} 45. Bxc6 {[%clk 0:01:02]} d4
{[%clk 0:03:29]} 46. Qd3 {[%clk 0:00:27]} Qb6 {[%clk 0:03:33]} 47. Bd5
{[%clk 0:00:22]} 1/2-1/2

[Event "Portugal Open Semirrapidas"]
[Site "Lisboa POR"]
[Date "2020.02.02"]
[Round "4.7"]
[White "EGGERT, Alberto"]
[Black "SABUK, Piotr"]
[Result "0-1"]
[BlackElo "2398"]
[WhiteElo "2092"]
[LiveChessVersion "1.4.8"]

1. c4 {[%clk 0:11:23]} e5 {[%clk 0:15:00]} 2. Nf3 {[%clk 0:11:26]} e4
{[%clk 0:14:41]} 3. Nd4 {[%clk 0:11:29]} Nc6 {[%clk 0:14:45]} 4. e3
{[%clk 0:11:31]} Nf6 {[%clk 0:14:40]} 5. Nc3 {[%clk 0:11:34]} Bc5
{[%clk 0:13:54]} 6. Nf5 {[%clk 0:10:30]} O-O {[%clk 0:12:47]} 7. Qc2
{[%clk 0:08:31]} d5 {[%clk 0:11:33]} 8. Ng3 {[%clk 0:08:35]} Nb4 {[%clk 0:11:30]}
9. Qb1 {[%clk 0:08:37]} c6 {[%clk 0:10:56]} 10. a3 {[%clk 0:08:33]} Na6
{[%clk 0:10:49]} 11. b4 {[%clk 0:08:36]} Bd6 {[%clk 0:10:52]} 12. Bb2
{[%clk 0:08:20]} Nc7 {[%clk 0:10:40]} 13. d3 {[%clk 0:08:21]} exd3
{[%clk 0:10:11]} 14. Bxd3 {[%clk 0:08:21]} dxc4 {[%clk 0:09:38]} 15. Bxc4
{[%clk 0:08:24]} a5 {[%clk 0:09:00]} 16. bxa5 {[%clk 0:07:29]} Rxa5
{[%clk 0:08:55]} 17. O-O {[%clk 0:07:30]} Ng4 {[%clk 0:08:30]} 18. Rd1
{[%clk 0:06:17]} Qh4 {[%clk 0:07:32]} 19. Nce2 {[%clk 0:03:21]} Qxh2+
{[%clk 0:07:09]} 20. Kf1 {[%clk 0:03:26]} Bxg3 {[%clk 0:06:48]} 21. Nxg3
{[%clk 0:02:40]} Nxe3+ {[%clk 0:06:35]} 22. Ke2 {[%clk 0:02:38]} Nxd1
{[%clk 0:06:24]} 23. Qxd1 {[%clk 0:02:40]} Bg4+ 0-1

[Event "Portugal Open Semirrapidas"]
[Site "Lisboa POR"]
[Date "2020.02.02"]
[Round "4.8"]
[White "MARTIN DUQUE, Jesus"]
[Black "SOUSA, Ludy"]
[Result "0-1"]
[BlackElo "2083"]
[WhiteElo "2384"]
[LiveChessVersion "1.4.8"]

1. e4 {[%clk 0:14:49]} c5 {[%clk 0:15:08]} 2. Nf3 a6 3. c4 {[%clk 0:14:47]} e6
{[%clk 0:15:07]} 4. d4 {[%clk 0:14:49]} cxd4 {[%clk 0:15:11]} 5. Nxd4
{[%clk 0:14:52]} Nf6 {[%clk 0:15:15]} 6. Nc3 {[%clk 0:14:51]} Qc7
{[%clk 0:15:18]} 7. Be2 {[%clk 0:14:45]} Bb4 {[%clk 0:15:17]} 8. Nc2
{[%clk 0:14:30]} Bxc3+ {[%clk 0:15:15]} 9. bxc3 {[%clk 0:14:34]} Nxe4
{[%clk 0:15:16]} 10. Qd4 {[%clk 0:14:24]} Nf6 {[%clk 0:15:05]} 11. Ba3
{[%clk 0:14:06]} Nc6 {[%clk 0:14:43]} 12. Qh4 {[%clk 0:13:55]} Qe5
{[%clk 0:14:45]} 13. Qg3 {[%clk 0:13:32]} Ne4 {[%clk 0:14:27]} 14. Qxe5
{[%clk 0:12:48]} Nxe5 {[%clk 0:14:31]} 15. f4 {[%clk 0:12:34]} Ng6
{[%clk 0:14:05]} 16. g3 {[%clk 0:12:10]} f5 {[%clk 0:14:06]} 17. Bf3
{[%clk 0:11:56]} Ne7 {[%clk 0:13:13]} 18. Bxe4 {[%clk 0:10:11]} fxe4
{[%clk 0:13:15]} 19. O-O-O {[%clk 0:10:15]} b5 {[%clk 0:12:47]} 20. Ne3
{[%clk 0:10:08]} Bb7 {[%clk 0:12:43]} 21. Rd6 {[%clk 0:09:57]} Nf5
{[%clk 0:12:18]} 22. Nxf5 {[%clk 0:08:47]} exf5 {[%clk 0:12:19]} 23. Rhd1
{[%clk 0:08:28]} Bc6 {[%clk 0:11:39]} 24. cxb5 {[%clk 0:08:15]} axb5
{[%clk 0:11:43]} 25. Kb2 {[%clk 0:08:16]} Ra4 {[%clk 0:10:21]} 26. Bb4
{[%clk 0:08:13]} h5 {[%clk 0:10:11]} 27. h4 {[%clk 0:08:11]} Ra7 {[%clk 0:10:05]}
28. a3 {[%clk 0:07:50]} Kf7 {[%clk 0:10:09]} 29. c4 {[%clk 0:07:25]} bxc4
{[%clk 0:09:55]} 30. Kc3 {[%clk 0:07:27]} Rc8 {[%clk 0:09:36]} 31. R1d4
{[%clk 0:07:26]} e3 {[%clk 0:08:49]} 32. Rxc4 {[%clk 0:06:39]} Re8
{[%clk 0:08:28]} 33. Rd1 {[%clk 0:06:16]} e2 {[%clk 0:07:58]} 34. Re1
{[%clk 0:06:20]} Raa8 {[%clk 0:07:52]} 35. Kd2 {[%clk 0:06:10]} Bf3
{[%clk 0:07:21]} 36. Rd4 {[%clk 0:05:42]} Ra7 {[%clk 0:07:05]} 37. Rd3
{[%clk 0:05:16]} Bg4 {[%clk 0:06:59]} 38. Rc3 {[%clk 0:04:58]} Re4
{[%clk 0:06:48]} 39. Rec1 {[%clk 0:04:36]} Rd4+ {[%clk 0:06:24]} 40. Rd3
{[%clk 0:04:37]} Rxd3+ {[%clk 0:06:14]} 41. Kxd3 {[%clk 0:04:41]} Ke6
{[%clk 0:06:15]} 42. Kd4 {[%clk 0:04:31]} Bf3 {[%clk 0:06:03]} 43. Ke3
{[%clk 0:04:26]} Bg4 {[%clk 0:06:08]} 44. Kd4 {[%clk 0:04:31]} Ra8
{[%clk 0:06:12]} 45. Ra1 {[%clk 0:04:09]} Rb8 {[%clk 0:05:54]} 46. Kc5
{[%clk 0:03:58]} d6+ {[%clk 0:05:47]} 47. Kc4 {[%clk 0:03:44]} Bf3
{[%clk 0:05:31]} 48. Kd4 {[%clk 0:03:44]} Rb5 {[%clk 0:05:34]} 49. Re1
{[%clk 0:03:19]} Bg4 {[%clk 0:04:52]} 50. Kc4 {[%clk 0:03:16]} Rd5
{[%clk 0:04:38]} 51. Kc3 {[%clk 0:02:15]} Kd7 {[%clk 0:04:28]} 52. Kc2
{[%clk 0:01:34]} Bf3 {[%clk 0:04:25]} 53. Bc3 {[%clk 0:01:12]} g6
{[%clk 0:04:02]} 54. a4 {[%clk 0:01:14]} Kc6 {[%clk 0:04:05]} 55. a5
{[%clk 0:01:14]} Rd1 {[%clk 0:03:56]} 56. Bd2 {[%clk 0:00:40]} Kb5
{[%clk 0:03:41]} 57. Bc3 {[%clk 0:00:29]} d5 {[%clk 0:03:33]} 58. Bd2
{[%clk 0:00:21]} Kc4 {[%clk 0:03:32]} 0-1